000 00812cam a2200229 a 4500
001 000019080
005 20200929165920.0
008 761112s1966 sp a b 000 0 spa d
040 _aDO-SdBNP
_cTxDaM
_dDLC
_dBNPHU
042 _apremarc
082 _annnn
_bC569c
100 1 _aCierva y de Hoces, Ricardo de la,
_d1926-
_941055
245 1 0 _aCien libros básicos sobre la guerra de España /
_cRicardo de la Cierva y de Hoces.
260 _aMadrid :
_bPublicaciones Españolas,
_c1966.
300 _a348, {349-351] p. :
_bil. ;
_c22 cm.
490 1 _aClaves de España
_v4
504 _aIncluye referencias bibliográficas y notas
651 0 _aSpain
_xHistory
_yCivil War, 1936-1939
_xBook Reviews.
_941056
830 0 _aClaves de España ;
_v4
_941057
910 _aCatalogación derivada / LC
049 _aBNGR
999 _c18598
_d18598